Направление развития горного дела в третьем тысячелетии; Проблемы геологии и освоения недр

Bibliografiske detaljer
Parent link:Проблемы геологии и освоения недр.— 2007.— С. 530
Hovedforfatter: Лукьянов В. Г. Виктор Григорьевич
Sprog:russisk
Udgivet: 2007
Fag:
Format: Book Chapter
KOHA link:https://koha.lib.tpu.ru/cgi-bin/koha/opac-detail.pl?biblionumber=180203

MARC

LEADER 00000naa2a2200000 4500
001 180203
005 20231031170652.0
035 |a (RuTPU)RU\TPU\book\195353 
090 |a 180203 
100 |a 20100512d2007 k y0rusy50 ca 
101 0 |a rus 
102 |a RU 
200 1 |a Направление развития горного дела в третьем тысячелетии  |f В. Г. Лукьянов 
463 0 |0 (RuTPU)RU\TPU\book\140171  |y 5-89503-079-3  |t Проблемы геологии и освоения недр  |o [сборник]  |o труды XI Международного симпозиума имени академика М. А. Усова студентов и молодых учёных, посвященного 80-летию академика, Президента международного горного конгресса, Лауреата государственной премии СССР М. И. Щадову  |f Томский политехнический университет (ТПУ), Институт геологии и нефтегазового дела  |v С. 530  |d 2007  |p 764 с. 
610 1 |a горное дело 
610 1 |a развитие 
610 1 |a горнодобывающие отрасли 
610 1 |a месторождения 
610 1 |a разработка 
610 1 |a полезные ископаемые 
610 1 |a разведка 
610 1 |a труды учёных ТПУ 
700 1 |a Лукьянов  |b В. Г.  |c горный инженер  |c профессор Томского политехнического университета, доктор технических наук  |f 1930-  |g Виктор Григорьевич  |2 stltpush  |3 (RuTPU)RU\TPU\pers\12910 
801 1 |a RU  |b 63413507  |c 20100512 
801 2 |a RU  |b 63413507  |c 20130516  |g RCR 
942 |c BK